A merry-go-round of repairs (Record no. 73142)

MARC details
000 -LEADER
fixed length control field 01452cam a2200181 4500
001 - CONTROL NUMBER
control field ##WB3929-13
008 - FIXED-LENGTH DATA ELEMENTS--GENERAL INFORMATION
fixed length control field 030731n2003 000 0 eng u
035 ## - SYSTEM CONTROL NUMBER
System control number (Sirsi) u123160
245 02 - TITLE STATEMENT
Title A merry-go-round of repairs
260 ## - PUBLICATION, DISTRIBUTION, ETC.
Date of publication, distribution, etc. 2003
490 #0 - SERIES STATEMENT
Series statement Estates Gazette
Volume/sequential designation (0330) 26 July 2003, 143(1)
520 ## - SUMMARY, ETC.
Summary, etc. Discusses the verdict in the recent case of "Landmaster Properties Ltd v Thackeray Property Services" [2003] EWHC 959. Explains that the issue that arrose here concerned the date at which a landlord has to prove one of the statutory grounds in the Leasehold Property (Repairs) Act 1938 which restricts the remedies available to a landlord during the currency of a lease. In the Landmaster Case, the application to leave was made on 12 February 2001 after a section 146 notice was served in December 2000. The hearing of the landlords application took place in September 2002: the tenant argued that this should be the date that the repair matter should be judged as at the date of the hearing. The trial judge held the relevant date was the date of the application for leave. At the appeal, J. Cox held that the trial judge had been wrong and that the 1938 act dictated that the hearing date was the relevant date.
590 ## - LOCAL NOTE (RLIN)
Local note WB
650 24 - SUBJECT ADDED ENTRY--TOPICAL TERM
Topical term or geographic name entry element LANDMASTER PROPERTIES LTD V THACKERAY PROPERTY SERVICES
650 24 - SUBJECT ADDED ENTRY--TOPICAL TERM
Topical term or geographic name entry element LEASEHOLD REPAIRS ACT 1938
690 ## - LOCAL SUBJECT ADDED ENTRY--TOPICAL TERM (OCLC, RLIN)
Topical term or geographic name as entry element PROPERTY-LEASEHOLD PROPERTY-LANDLORD AND TENANT-DILAPIDATIONS
942 ## - ADDED ENTRY ELEMENTS (KOHA)
Suppress in OPAC 0
Holdings
Withdrawn status Lost status Source of classification or shelving scheme Damaged status Not for loan Home library Current library Shelving location Date acquired Total Checkouts Full call number Barcode Date last seen Copy number Price effective from Koha item type
    Dewey Decimal Classification     London London Journal article 31/07/2003   L123160 123160-1001 06/08/2019 1 06/08/2019 Journal article